1172 1633 1296 1226 1228 1673 1638 1467 1651 1855 1749 1251 1899 1007 1797 1986 1256 1545 1577 1397 1416 1916 1721 1823 1131 1588 1591 1015 1649 1097 1474 1415 1703 1282 1732 1085 1749 1202 1383 1840 1704 1394 1267 1785 1434 1362 1966 1637 1737 1948 1599 1617 1033 1816 1846 1932 1082 1844 1736 1265 1511 1076 1404 1145 1634 1610 1125 1579 1046 1575 1049 1440 1832 1481 1913 1737 1373 1901 1527 1918 1137 1393 1754 1421 1365 1692 1502 1547 1417 1901 1775 1754 1451 1924 1699 1138 1369 1098 1503 BCNSPRNW ULIB Ver.6.0+V

เปลี่ยนเป็นภาษาไทย

Change to English
 แสดงรายละเอียดบรรณานุกรม
  กลับหน้าหลัก

Brief Record : Get Marc (ISO 2709) : E-mail record : QR code < ปิดหน้าต่าง
LEADER : 00000nam 2200000uu 4500
001    13399125514
003     ULIB
008    170620s2559||||th 000 0 tha d
020    ^a9786169203575
060  0 ^aWO100^bศ334 ล.54
245 10 ^aศัลยศาสตร์วิวัฒน์ เล่ม 54 =^bDealing with colorectal diseases 2016/^cบรรณาธิการ,ต้น คงเป็นสุข...[และคนอื่นๆ].
250    ^aพิมพ์ครั้งที่ 1.
260    ^aกรุงเทพฯ:^bกรุงเทพเวชสาร,^c2559.
300    ^a491 หน้า.
650  7 ^aศัลยศาสตร์วิวัฒน์
700 0  ^aต้น คงเป็นสุข,^eบรรณาธิการ
945    ^p0^l0^i002334
945    ^p0^l0^i002335
945    ^p0^l0^i002336
999    ^aวรรณษา ชูชัยมงคล
รายการนี้ยังไม่มีแท็ก
คุณยังไม่ได้ล็อกอิน คุณสามารถมีกิจกรรมร่วมกับเว็บไซต์ได้ แต่ต้องล็อกอินก่อน ::
  ล็อกอิน

รายการสื่อสารสนเทศ

ลำดับที่ ประเภท เลขเรียก/บาร์โค้ด สถานที่ สถานะ
1. วิทยาศาสตร์การแพทย์ และสุขภาพ
วิทยาศาสตร์การแพทย์ และสุขภาพ
สถานะ=หนังสือเก่า
WO100 ศ334 ล.54 ฉ.1 
  Barcode: 002334
ห้องสมุดวิทยาเขตสวรรค์ประชารักษ์
►ส่วนจัดเก็บหนังสือเก่า สปร
บนชั้น
  ขอยืม
2. วิทยาศาสตร์การแพทย์ และสุขภาพ
วิทยาศาสตร์การแพทย์ และสุขภาพ
สถานะ=หนังสือเก่า
WO100 ศ334 ล.54 ฉ.2 
  Barcode: 002335
ห้องสมุดวิทยาเขตสวรรค์ประชารักษ์
►ส่วนจัดเก็บหนังสือเก่า สปร
บนชั้น
  ขอยืม
3. วิทยาศาสตร์การแพทย์ และสุขภาพ
วิทยาศาสตร์การแพทย์ และสุขภาพ
สถานะ=หนังสือเก่า
WO100 ศ334 ล.54 ฉ.3 
  Barcode: 002336
ห้องสมุดวิทยาเขตสวรรค์ประชารักษ์
►ส่วนจัดเก็บหนังสือเก่า สปร
บนชั้น
  ขอยืม

BibComment


ยังไม่เคยถูกคอมเมนท์

คอมเมนท์ทรัพยากรรายการนี้
  คอมเมนท์: ศัลยศาสตร์วิวัฒน..


 Copyright 2026. Bcnsprnw @Library